[Event "DMP Ekstraliga 2020"]
[Site "Krakow"]
[Date "2020.08.26"]
[Round "1.1"]
[White "Harikrishna, Pentala"]
[Black "Kryvoruchko, Yuriy"]
[Result "1-0"]
[WhiteElo "2732"]
[BlackElo "2682"]
[Annotator "TA"]
[PlyCount "87"]
[EventDate "2020.08.26"]
[EventType "team-tourn"]
[EventCountry "POL"]
[SourceTitle "playchess.com"]
[Source "ChessBase"]
[SourceQuality "1"]

{[%evp 18,87,28,10,27,11,8,0,0,0,0,0,0,-37,-2,-39,-44,-47,-47,-46,-46,-43,-50,-64,-47,-60,0,0,0,0,0,0,0,0,0,0,12,12,17,10,18,9,10,4,9,11,41,33,26,25,33,43,81,85,112,115,115,110,136,116,170,156,156,150,286,232,308,308,308,308,308,308]} 1. e4 e5 2. Nf3 Nc6 3. Bb5 Nf6 4. O-O Nxe4 5. d4 Nd6 6. Bxc6 dxc6 7. dxe5 Nf5 8. Qxd8+ Kxd8 9. Nc3 Ke8 10. h3 h5 {C67: Ruy Lopez: Berlin Defence: 4 0-0 Nxe4.} 11. Ne2 b6 12. Re1 $5 {[%mdl 4] A promising side line.} c5 {[#] The position is equal.} 13. Bf4 $5 $146 {[%mdl 8] New and interesting.} ({Predecessor:} 13. Nf4 Bb7 14. Ng5 Nd4 15. e6 f6 16. e7 Nxc2 17. exf8=Q+ Kxf8 18. Ng6+ Kg8 19. Ne7+ Kf8 20. Ng6+ Kg8 21. Ne7+ Kf8 22. Ng6+ {½-½ (22) Firouzja,A (2726)-Le,Q (2713) chess.com INT 2020}) 13... Be7 14. Nc3 Bb7 15. Nb5 Bxf3 16. gxf3 Bd8 17. e6 c6 18. Nd6+ Nxd6 19. Bxd6 {[#] Hoping for e7.} Bf6 20. Be5 Ke7 21. Bxf6+ Kxf6 (21... gxf6 $15 22. exf7+ Kxf7) 22. exf7 $11 Kxf7 $15 {[%mdl 4096] Endgame KRR-KRR} 23. Re4 Rhe8 24. Rae1 Rxe4 25. fxe4 $11 {KR-KR} Rd8 26. Kg2 Rd2 27. Rc1 Rd6 28. Kf3 a5 29. Ke3 Rg6 30. Rd1 Ke7 31. a4 Rg5 32. c4 Rg6 33. Rd3 Rg1 34. Rb3 g5 35. Rxb6 Kd6 36. e5+ $1 Kc7 37. Ra6 Re1+ 38. Kf3 Rxe5 (38... Kb7 $16 39. Rxa5 Kb6) 39. Rxa5 $18 Kd6 40. Ra7 Rf5+ {[#]} (40... Re8 $16 {was worth a try.} 41. a5 Rb8) 41. Kg2 $1 g4 42. h4 {White has a decisive advantage.} Rf4 43. b3 Rf3 44. Rb7 {Accuracy: White = 93%, Black = 71%.} 1-0

[Event "DMP Ekstraliga 2020"]
[Site "Krakow"]
[Date "2020.08.26"]
[Round "1.2"]
[White "Bluebaum, Matthias"]
[Black "Bartel, Mateusz"]
[Result "1/2-1/2"]
[WhiteElo "2647"]
[BlackElo "2643"]
[Annotator "TA"]
[PlyCount "70"]
[EventDate "2020.08.26"]
[EventType "team-tourn"]
[EventCountry "POL"]
[SourceTitle "playchess.com"]
[Source "ChessBase"]
[SourceQuality "1"]

{[%evp 15,70,20,31,10,35,36,58,55,58,47,50,35,44,39,49,52,76,55,56,54,57,57,60,44,61,36,37,37,41,33,37,40,39,47,67,61,166,135,138,114,131,86,91,78,79,0,0,0,0,0,0,0,0,0,0,0,0]} 1. d4 e6 2. c4 b6 3. Nf3 Bb7 4. g3 Bb4+ 5. Bd2 Bxd2+ 6. Qxd2 Nf6 7. Bg2 O-O 8. O-O d6 9. Qf4 {E16: Queen's Indian: 4 g3 Bb7 5 Bg2 Bb4+.} Nbd7 10. Nc3 Qe7 11. e4 {White is slightly better.} e5 12. Qe3 Rfe8 13. Rfe1 c6 14. Rad1 Rad8 {[#]} 15. Rd2 $146 ({Predecessor:} 15. a3 Qf8 16. Qe2 h6 17. dxe5 Nxe5 18. Nd4 c5 19. Nc2 Bc8 20. Qf1 Be6 21. b3 Nc6 22. Nd5 Bxd5 23. cxd5 Ne7 24. f4 Ng6 {0-1 (24) Kuehn,J (1993)-Langheld,W (1960) GER email 2016}) 15... c5 16. dxe5 (16. d5 {seems wilder.} Nf8 17. Nh4 Bc8 18. b3 a6 19. Qd3) 16... Nxe5 17. Nxe5 dxe5 18. Nd5 Qd6 19. Qa3 Bxd5 20. cxd5 Re7 21. Bf1 Ne8 22. Rc2 a5 23. Bb5 Nc7 24. Qa4 Rf8 25. Bc6 f5 (25... g6 $14) 26. exf5 Rxf5 27. Qb3 Ne6 {[#] White must now prevent ...Nd4.} 28. Qxb6 Ng5 29. Kg2 Ref7 30. Ree2 ({Of course not} 30. Qxc5 Qxc5 31. Rxc5 Rxf2+ 32. Kg1 Rxb2 $11) ({Better is} 30. f4 $16 exf4 31. Qxc5) 30... Nf3 $1 $11 {Threatens to win with ...Rh5.The position is equal.} 31. Qxc5 ({Much worse is} 31. Qxa5 Rh5 $17) 31... Rh5 32. Qxd6 Rxh2+ 33. Kf1 Rh1+ 34. Kg2 Rh2+ 35. Kf1 Rh1+ {Accuracy: White = 91%, Black = 86%.} 1/2-1/2

[Event "DMP Ekstraliga 2020"]
[Site "Krakow"]
[Date "2020.08.26"]
[Round "1.3"]
[White "Gumularz, Szymon"]
[Black "Piorun, Kacper"]
[Result "1/2-1/2"]
[WhiteElo "2506"]
[BlackElo "2596"]
[Annotator "TA"]
[PlyCount "54"]
[EventDate "2020.08.26"]
[EventType "team-tourn"]
[EventCountry "POL"]
[SourceTitle "playchess.com"]
[Source "ChessBase"]
[SourceQuality "1"]

{[%evp 24,54,11,0,0,0,10,14,14,15,17,25,16,0,0,0,0,0,0,0,0,0,0,0,0,0,0,0,0,0,0,0,12]} 1. d4 Nf6 2. c4 e6 3. Nc3 Bb4 4. e3 O-O 5. Bd3 c5 6. Nf3 d5 7. O-O cxd4 8. exd4 dxc4 9. Bxc4 b6 10. Bg5 Bb7 11. Qe2 Bxc3 12. bxc3 Nbd7 13. Ne5 Rc8 $1 {[%mdl 4] is currently scoring better than 13...Qc7. 13...Qc7 is vanishing. E54: Nimzo-Indian: Rubinstein: Main Line: 7...dxc4 8 Bxc4.} 14. Rac1 Qc7 {[#] White must now prevent ...Nxe5.} 15. Nxd7 Qxd7 16. Bxf6 gxf6 17. Bb3 Kh8 18. Rfd1 {The position is equal.} Rg8 19. d5 {[#]} Bxd5 $146 ({Predecessor:} 19... exd5 20. Rd4 Qf5 21. g3 Rge8 22. Qd2 Re4 23. Rd1 Rxd4 24. Qxd4 Kg7 25. Re1 Rc7 26. Kg2 Rxc3 27. Re7 Qf3+ 28. Kh3 Bc8+ 29. Kh4 Qf5 {0-1 (29) Hernandez,C (2322)-Sanchez,S (2403) Tunja 2018}) 20. Bxd5 exd5 21. Qf3 Qe6 22. Rxd5 Rgd8 23. Rdd1 Rxd1+ 24. Rxd1 Qe5 25. h3 Rxc3 26. Qa8+ Kg7 27. Qxa7 Qc5 {Not much happened in this game. Accuracy: White = 100%, Black = 100%.} 1/2-1/2

[Event "DMP Ekstraliga 2020"]
[Site "Krakow"]
[Date "2020.08.26"]
[Round "1.4"]
[White "Krasenkow, Michal"]
[Black "Tazbir, Marcin"]
[Result "0-1"]
[WhiteElo "2605"]
[BlackElo "2510"]
[Annotator "TA"]
[PlyCount "80"]
[EventDate "2020.08.26"]
[EventType "team-tourn"]
[EventCountry "POL"]
[SourceTitle "playchess.com"]
[Source "ChessBase"]
[SourceQuality "1"]

{[%evp 15,80,0,3,0,0,0,0,0,18,1,0,6,14,0,0,-11,0,-43,-19,-33,-35,-57,-53,-72,-56,-73,-80,-93,-104,-114,-90,-87,-85,-146,-33,-31,-34,-31,-32,-39,-25,-31,-34,-25,-30,-37,-22,-30,-20,-35,-38,-45,-44,-91,-85,-463,-457,-789,-773,-29988,-29989,-29992,-6079,-5409,-5306,-29991,-29992]} 1. d4 Nf6 2. c4 e6 3. Nc3 Bb4 4. e3 O-O 5. Bd2 b6 6. a3 Bxc3 7. Bxc3 Ne4 8. Qc2 Bb7 9. Nf3 {E20: Nimzo-Indian: 4 g3 and 4 f3.} d6 10. Be2 Qe7 11. O-O {The position is equal.} Nd7 12. Rfd1 Nxc3 13. Qxc3 {[#]} a5 $146 ({Predecessor:} 13... f5 14. b4 Nf6 15. c5 Ne4 16. Qc2 bxc5 17. dxc5 dxc5 18. bxc5 Bd5 19. Nd4 Rad8 {½-½ (68) Hayrapetyan,H (2439)-Mikaelyan,A (2496) Yerevan 2018}) 14. b3 f5 15. Ne1 e5 16. d5 Nf6 17. Qd3 Bc8 18. Nc2 Bd7 19. f4 Rae8 {White must now prevent ...exf4.} 20. Re1 c6 21. b4 cxd5 22. cxd5 Qf7 23. bxa5 bxa5 24. Rab1 (24. fxe5 $142 dxe5 25. Reb1) 24... Qxd5 ({Black should play} 24... Rc8 $17 25. Rb7 Rfd8 26. fxe5 dxe5) 25. Qxd5+ $15 Nxd5 26. Bc4 Be6 {And now ...Rc8 would win.} 27. fxe5 dxe5 {...Rc8 is the strong threat.} 28. Rb5 Nc3 29. Bxe6+ Rxe6 30. Rxa5 Rd8 31. Nb4 Rd2 32. Rc5 Ne4 $36 {[%mdl 2048] Black is more active.} 33. Rc8+ Kf7 34. Nc6 {Threatening Nd8+.} Kf6 35. Rf8+ $2 {[%mdl 8192] Now White is beyond hope.} (35. Nb4 $17) 35... Kg5 $19 36. Nd8 (36. Na5 $142 Rc2 37. Rb8) 36... Rg6 {[#] ( -> ...Kh4)} 37. g3 Kg4 38. Rc1 Rgd6 (38... Rh6 $142 39. Rc7 g6 40. Rxf5 Rhxh2 41. Rg5+ Nxg5 42. Rc4+ Kxg3 43. Rg4+ Kxg4 44. Nc6 Nh3+ 45. Kf1 Rh1#) 39. Nf7 R6d5 40. Re8 Kh3 {Accuracy: White = 62%, Black = 87%.} 0-1

[Event "DMP Ekstraliga 2020"]
[Site "Krakow"]
[Date "2020.08.26"]
[Round "1.5"]
[White "Wieczorek, Oskar"]
[Black "Kanarek, Marcel"]
[Result "1/2-1/2"]
[WhiteElo "2493"]
[BlackElo "2488"]
[Annotator "TA"]
[PlyCount "59"]
[EventDate "2020.08.26"]
[EventType "team-tourn"]
[EventCountry "POL"]
[SourceTitle "playchess.com"]
[Source "ChessBase"]
[SourceQuality "1"]

{[%evp 13,59,16,22,6,8,9,6,12,35,0,16,16,12,0,34,48,33,34,62,61,113,95,98,92,104,0,0,0,0,0,0,0,0,0,0,0,0,0,0,0,0,0,0,0,0,0,0,0]} 1. e4 c5 2. Nf3 d6 3. d4 cxd4 4. Nxd4 Nf6 5. Nc3 a6 6. Be3 e5 7. Nb3 Be6 8. h3 {B90: Sicilian Najdorf: Unusual White 6th moves, 6 Be3 Ng4 and 6 Be3 e5.} Nbd7 9. g4 h6 {9...Rc8 is the hot move. Played by Jan Krzysztof Duda in August 2020.} 10. Qd2 Rc8 11. Bg2 {[#]} Nb6 $146 {Threatening ...Nc4.} ({Predecessor:} 11... b5 12. O-O-O Nb6 13. Kb1 Be7 14. Bxb6 Qxb6 15. Nd5 Nxd5 16. exd5 Bg5 17. Qe2 Bd7 {0-1 (51) Sarana,A (2223)-Gordievsky,D (2474) Izhevsk 2013}) 12. Na5 Qc7 13. f4 Nc4 14. Nxc4 Bxc4 15. O-O-O b5 16. Kb1 Qa5 ({Better is} 16... Be7 $14) 17. b3 Bxb3 18. cxb3 {Hoping for Rc1.} ({But not} 18. axb3 $6 Qxc3 19. Qxc3 Rxc3 $11) 18... Qxc3 {[#]} 19. Rc1 (19. Qe2 $1 $16 {Threatens to win with Rc1.} Qa5 20. Rc1) 19... Qxd2 $11 {The position is equal.} 20. Rxc8+ Kd7 21. Bxd2 Kxc8 22. Rc1+ Kd7 23. g5 Nh5 24. Bf3 Nxf4 25. Bxf4 exf4 {KRB-KRB} 26. Bg4+ Kd8 27. Rc8+ Ke7 28. Rc7+ Ke8 29. Rc8+ Ke7 30. Rc7+ {Accuracy: White = 89%, Black = 85%.} 1/2-1/2

[Event "DMP Ekstraliga 2020"]
[Site "Krakow"]
[Date "2020.08.26"]
[Round "1.6"]
[White "Antolak, Julia"]
[Black "Zawadzka, Jolanta"]
[Result "1/2-1/2"]
[WhiteElo "2323"]
[BlackElo "2419"]
[Annotator "TA"]
[PlyCount "101"]
[EventDate "2020.08.26"]
[EventType "team-tourn"]
[EventCountry "POL"]
[SourceTitle "playchess.com"]
[Source "ChessBase"]
[SourceQuality "1"]

{[%evp 21,101,9,10,10,10,12,15,4,15,8,16,15,14,19,24,21,20,14,14,14,18,13,18,11,11,11,87,28,90,50,50,46,52,60,60,53,48,52,52,51,47,49,68,58,66,57,66,67,81,45,62,27,41,41,41,41,48,41,39,8,39,0,25,32,32,0,0,0,0,0,0,0,0,0,5,0,0,0,0,0,0,0]} 1. e4 e5 2. Nf3 Nc6 3. Bb5 a6 4. Ba4 Nf6 5. O-O b5 6. Bb3 Bc5 7. c3 d6 8. d4 Bb6 9. Be3 O-O 10. Nbd2 h6 11. h3 Re8 12. Re1 {C78: Ruy Lopez: Archangelsk and Möller Defences.} exd4 13. cxd4 Na5 14. Bc2 Bb7 {[%cal Rf6e4]} 15. d5 {is the legacy move (15.Qb1).} c6 16. b4 Nc4 17. Nxc4 bxc4 18. dxc6 Bxc6 19. Bxb6 Qxb6 20. Qxd6 Rad8 21. Qf4 Qxb4 22. e5 Bxf3 23. Qxf3 {[#]} Nd5 $146 (23... Nd7 $11 24. e6 fxe6) ({Predecessor:} 23... Qa5 24. Qf5 Rd5 25. Rab1 Rdxe5 26. Rxe5 Qxe5 27. Qxe5 Rxe5 28. Rb4 Re1+ 29. Kh2 c3 {½-½ (43) Vachier Lagrave,M (2757)-Svidler,P (2732) Germany 2015}) 24. Rac1 ({White should play} 24. Rad1 $16) 24... Qc5 (24... a5 $11 {keeps the balance.}) 25. Qf5 {[#] Hoping for Qh7+.} g6 26. Qg4 {aiming for Bxg6!} Kg7 27. Ba4 Re6 28. Qxc4 Qxc4 29. Rxc4 {[#] Strongly threatening Rd4.} Nb6 30. Rce4 Nxa4 31. Rxa4 $14 {[%mdl 4096] Endgame KRR-KRR} Rd2 32. a3 Rc6 33. Rf4 g5 34. Rf3 Kg6 35. Re4 Re6 36. h4 Rd5 37. hxg5 hxg5 38. Rfe3 Rc5 39. g3 Ra5 40. Kg2 Kf5 {[%cal Re6e5]} 41. f4 gxf4 42. Rxf4+ Kg6 43. Ref3 Rexe5 {The position is equal.} 44. Rf6+ Kg5 45. Rxf7 Re2+ 46. Kh3 Ra2 47. Rg7+ Kh6 48. Rg4 R2xa3 49. Rf6+ Kh7 $1 50. Rf7+ Kh6 51. Rf6+ {Accuracy: White = 78%, Black = 83%.} 1/2-1/2

[Event "DMP Ekstraliga 2020"]
[Site "Krakow"]
[Date "2020.08.26"]
[Round "1.8"]
[White "Cyborowski, Lukasz"]
[Black "Nasuta, Grzegorz"]
[Result "1/2-1/2"]
[WhiteElo "2508"]
[BlackElo "2553"]
[Annotator "TA"]
[PlyCount "81"]
[EventDate "2020.08.26"]
[EventType "team-tourn"]
[EventCountry "POL"]
[SourceTitle "playchess.com"]
[Source "ChessBase"]
[SourceQuality "1"]

{[%evp 19,81,23,34,37,52,63,49,45,58,78,62,50,32,6,13,9,24,13,18,9,20,0,37,0,24,16,43,31,40,32,22,0,0,0,2,0,0,0,5,0,0,0,0,0,0,0,0,0,0,0,0,0,0,0,0,0,0,0,0,0,0,0,0,0]} 1. Nf3 d5 2. d4 Nf6 3. c4 c6 4. e3 e6 5. Nbd2 Nbd7 6. Bd3 Be7 7. O-O O-O 8. e4 dxe4 9. Nxe4 Nxe4 10. Bxe4 c5 11. Bc2 {D46: Semi-Slav: 5 e3 Nbd7 6 Bd3, Black avoids the Meran.} cxd4 12. Qxd4 Nc5 {[#]} 13. Qe3 $146 {White is slightly better.} ({Predecessor:} 13. Rd1 Qxd4 14. Nxd4 e5 15. Nb5 Be6 16. b3 Rfd8 17. Be3 a6 18. Nc7 Rac8 19. Nxe6 Nxe6 {1-0 (37) Zilberman,Y (2520)-Hansen,K Oberwart 1998}) 13... Qb6 14. Rb1 a5 {[%cal Ba7a5,Ba5a4][%mdl 32]} 15. Bd2 f6 16. a3 {[#] b4 is the strong threat.} a4 $1 17. Bb4 e5 18. Nd4 Rd8 19. Nf5 Bf8 20. f4 exf4 21. Ne7+ Bxe7 22. Qxe7 Ne6+ 23. c5 Qc7 24. Qxc7 Nxc7 25. Rbd1 {The position is equal.} Bd7 26. Rxf4 {[#] Strongly threatening Rfd4.} Bc6 27. Rfd4 Rxd4 28. Rxd4 Re8 29. Bd3 Ne6 30. Rd6 Nf4 31. Bf1 Kf8 32. Bd2 Ng6 33. Rd4 Ke7 34. Bd3 Ne5 35. Bc2 (35. Bxh7 $2 g6 $17) 35... Ra8 36. Bf4 ({Much worse is} 36. Bxh7 g6 $17) 36... h6 37. Kf2 Ke6 38. Rd6+ Ke7 39. Rd4 Ke6 40. Rd6+ Ke7 41. Rd4 {Accuracy: White = 96%, Black = 96%.} 1/2-1/2

[Event "DMP Ekstraliga 2020"]
[Site "Krakow"]
[Date "2020.08.26"]
[Round "1.9"]
[White "Markowski, Tomasz"]
[Black "Nurkiewicz, Maciej"]
[Result "1/2-1/2"]
[WhiteElo "2548"]
[BlackElo "2326"]
[Annotator "TA"]
[PlyCount "93"]
[EventDate "2020.08.26"]
[EventType "team-tourn"]
[EventCountry "POL"]
[SourceTitle "playchess.com"]
[Source "ChessBase"]
[SourceQuality "1"]

{[%evp 16,93,0,0,38,28,35,20,41,48,77,72,68,81,81,70,106,108,100,82,82,82,74,77,90,64,62,64,71,70,70,62,64,65,62,62,80,75,88,87,85,66,71,71,100,100,118,104,104,100,118,100,100,100,100,100,108,97,137,137,137,137,137,137,130,130,130,128,122,87,120,110,141,127,169,56,56,56,56,21]} 1. c4 Nf6 2. g3 g6 3. Bg2 Bg7 4. Nc3 d6 5. d4 O-O 6. Nf3 Nbd7 7. O-O e5 8. Qc2 exd4 9. Nxd4 a5 {E67: King's Indian: Fianchetto: 6...Nbd7.} 10. Rd1 Nc5 {[#]} 11. Nb3 $146 {Threatens to win with Nxc5.} ({Predecessor:} 11. e4 Bd7 12. h3 Re8 13. Bf4 Qc8 14. Kh2 Ne6 15. Nxe6 Bxe6 16. Nd5 Nd7 17. Be3 {1-0 (53) Miton,K (2610)-Markos,J (2571) Slovakia 2016}) 11... Nxb3 {The position is equal.} 12. axb3 Qe7 13. Bg5 Qe5 14. Bf4 Qe7 15. Qd2 Bf5 16. Bxb7 Rab8 17. Bf3 Rxb3 18. Rxa5 Ne4 19. Bxe4 Bxe4 20. Qe3 {Hoping for Nd5.} Bxc3 $1 21. bxc3 {And now f3 would win.} Re8 22. c5 Bc6 23. Qxe7 Rxe7 24. cxd6 cxd6 25. Ra2 Rxc3 26. Rxd6 Rd7 27. Rxd7 Bxd7 $16 {[%mdl 4096] Endgame KRB-KRB} 28. f3 {Strongly threatening Rd2.} Rc8 29. Kf2 Re8 30. g4 Kg7 31. Ra7 Bb5 32. e4 Bc4 33. h4 h6 34. Bd2 Rd8 35. Bc3+ Kh7 36. f4 Rd3 37. Bf6 Rd2+ {[#]} 38. Ke1 $1 {[%cal Re1d2]} Re2+ 39. Kd1 {Ra8 would kill now.} Ra2 {[#]} ({Worse is} 39... Rxe4 40. Ra8 g5 41. f5 Bb3+ 42. Kd2 Rd4+ 43. Bxd4 f6 44. Bxf6 Bg8 45. h5 Bf7 46. Rh8#) 40. Rc7 $1 {Threatening mate with Rc8.} Bb3+ 41. Ke1 {White wants to mate with Rc8.} Ra6 42. Be5 Ra8 43. Kd2 Re8 44. h5 g5 45. Ke3 (45. Kc3 $18 Ba2 46. Kb2) 45... gxf4+ $14 46. Kxf4 Rg8 47. Bf6 {Accuracy: White = 84%, Black = 75%.} 1/2-1/2

[Event "DMP Ekstraliga 2020"]
[Site "Krakow"]
[Date "2020.08.26"]
[Round "1.10"]
[White "Bartel, Michal"]
[Black "Krzyzanowski, Marcin"]
[Result "0-1"]
[WhiteElo "2274"]
[BlackElo "2518"]
[Annotator "TA"]
[PlyCount "106"]
[EventDate "2020.08.26"]
[EventType "team-tourn"]
[EventCountry "POL"]
[SourceTitle "playchess.com"]
[Source "ChessBase"]
[SourceQuality "1"]

{[%evp 9,106,7,18,18,29,12,29,0,28,-12,-14,-19,-5,-13,0,4,-4,-46,-50,-58,-58,-43,-50,-58,-60,-56,-40,-40,-41,-59,-37,-51,-54,-37,-30,-32,-20,-39,0,0,0,0,-4,-23,-6,-5,-15,-97,0,-18,0,0,0,0,0,0,0,-20,0,0,0,0,0,-15,-17,-109,-102,-98,-104,-98,-103,-94,-95,-187,-187,-180,-172,-162,-156,-118,-79,-264,-275,-257,-254,-805,-788,-781,-758,-750,-722,-532,-622,-646,-701,-12820,-5701,-2346,-2241]} 1. e4 c5 2. Nf3 d6 3. Bb5+ Bd7 4. c4 Nf6 5. Nc3 g6 6. d4 {B52: Sicilian: Moscow Variation with 3...Bd7.} cxd4 7. Nxd4 Bg7 8. O-O {White has an edge.} O-O (8... Nc6 {is more complex.} 9. Nb3 O-O 10. Qe2 Be6 11. f3 Rc8) 9. f3 a6 10. Bxd7 Nbxd7 11. b3 Rc8 12. Bb2 {[#]} e6 $146 ({Predecessor:} 12... Nc5 13. Rc1 e6 14. Qd2 Nfd7 15. Nde2 Ne5 16. Rcd1 Ncd3 17. Ba3 Qb6+ 18. c5 dxc5 {0-1 (31) Mammadova,G (2382)-Muradli,M (2449) chess.com INT 2020}) 13. Kh1 d5 14. exd5 exd5 15. cxd5 Nb6 16. Rc1 Nfxd5 17. Nxd5 Qxd5 (17... Nxd5 {is interesting.} 18. Qd2 Qf6 19. Rfd1 Rfd8 20. Rxc8 Rxc8 21. Rb1 Qd6) 18. Rxc8 Rxc8 19. Qa1 Qd7 20. Ne2 Bxb2 21. Qxb2 Qd3 22. Ng3 Nd5 23. Qe5 Rd8 24. h4 Qc3 25. Qg5 f6 26. Qg4 Kf7 {Threatens to win with ...Ne3.} 27. Rd1 Qc2 28. Re1 (28. f4 $11) 28... Qc6 (28... Qxa2 $17 29. Qe4 Qf2) 29. Qd4 Rd7 30. h5 Qc3 31. Qe4 Nc7 32. Re2 Qd4 33. Rc2 (33. Qxd4 {looks sharper.} Rxd4 34. hxg6+ hxg6 35. Rc2 Rd1+ 36. Kh2) 33... Ne6 (33... Qd1+ {feels hotter.} 34. Kh2 f5 35. Qe2 Qd6 36. Qc4+ Kf6) 34. Qxd4 Rxd4 35. hxg6+ hxg6 $11 {[%mdl 4096] Endgame KRN-KRN} 36. Ne4 Rd8 37. Rd2 (37. Kg1 $11 {remains equal.}) 37... Rxd2 $1 $17 38. Nxd2 {[#] KN-KN} Nc5 $1 39. Kg1 Nd3 40. Kf1 Ke6 41. Ke2 (41. Ne4 $17) 41... Nc1+ $19 42. Ke3 Nxa2 43. Kd4 {[#]} b6 $1 {[%cal Bb7b6,Bb6b5][%mdl 32]} 44. Nc4 Nc1 45. Kc3 $2 {White does not recover from this.} (45. Nxb6 $17 {was worth a try.} Nxb3+ 46. Kc4) 45... b5 46. Nd2 Kd5 47. b4 $2 (47. Ne4 f5 48. Nf6+ Kc6 49. Nh7) 47... Ne2+ {Black is clearly winning.} 48. Kb3 f5 49. Kc2 Kd4 50. Nb3+ Kc4 {Strongly threatening ...Nd4+.} 51. Nc5 a5 {[%cal Ba6a5,Ba5a4][%mdl 32]} 52. Nd3 Nd4+ 53. Kd2 a4 {Accuracy: White = 65%, Black = 91%.} 0-1

[Event "DMP Ekstraliga 2020"]
[Site "Krakow"]
[Date "2020.08.26"]
[Round "1.11"]
[White "Jakubowski, Krzysztof"]
[Black "Sliwerski, Radoslaw"]
[Result "1-0"]
[WhiteElo "2481"]
[BlackElo "2042"]
[Annotator "TA"]
[PlyCount "73"]
[EventDate "2020.08.26"]
[EventType "team-tourn"]
[EventCountry "POL"]
[SourceTitle "playchess.com"]
[Source "ChessBase"]
[SourceQuality "1"]

{[%evp 14,73,9,14,45,35,35,10,25,27,47,-1,-4,-17,-5,-18,-23,-14,-17,-12,0,-9,-6,-107,-102,-79,0,0,0,0,8,12,0,0,105,107,173,154,322,352,396,386,439,437,738,727,708,678,813,816,816,814,814,804,775,775,828,792,953,947,1093,1052]} 1. e4 c5 2. d3 d6 3. g3 Nc6 4. Bg2 g6 5. f4 Bg7 6. Nf3 e6 7. O-O Nge7 8. c3 Qb6 {B20: Sicilian: Unusual White 2nd moves.} 9. Na3 O-O {[#]} 10. g4 $146 ({Predecessor:} 10. Qe2 e5 11. Be3 Bg4 12. h3 Bd7 13. Qd2 Rad8 14. Nh4 f5 15. Rf2 Bc8 16. exf5 Nxf5 17. Nxf5 Bxf5 18. Bd5+ Kh8 19. g4 Bc8 20. Raf1 Ne7 21. Bg2 Be6 {½-½ (21) Simon Padros,E (2224)-Buxade Roca,G (2120) Santa Susanna 2012}) 10... f5 {The position is equal.} 11. gxf5 exf5 12. Kh1 (12. Nc4 $5 {[%cal Rc4b6]} Qc7 13. Qb3 $14) 12... Kh8 13. Nc4 Qc7 14. Ne3 Be6 15. Ng5 Bg8 16. Qe1 Rae8 17. Qh4 Nd8 18. e5 (18. Rf3 $11 Bf6 19. Bd2) 18... dxe5 19. fxe5 f4 ({Better is} 19... Bxe5 $17 20. Nc4 Nec6 21. Nxe5 Nxe5) 20. Ng4 $11 Nf5 21. Qh3 Ne6 $132 {[%mdl 2048] Black puts up resistance} 22. Nxe6 Bxe6 23. Bxf4 h5 {[#]} (23... Qe7 $11 {keeps the balance.}) 24. Nf6 $1 $16 {[%cal Rf6e8][%mdl 512]} Rd8 (24... Bxf6 $16 25. exf6 Qf7) 25. Be4 Qf7 $2 {Black cannot hold the game after this.} (25... Bxf6 $16 26. exf6 Qf7) 26. Bg5 $18 Nd6 27. Qe3 Nxe4 28. Nxe4 {White is clearly winning.} ({Less strong is} 28. dxe4 Bc4 $18) ({Not} 28. Qxe4 c4 $18) 28... Qxf1+ (28... Qd7 $142 29. Bxd8 Rxd8 30. Nxc5 Bd5+ 31. Ne4 Kh7) 29. Rxf1 Rxf1+ 30. Kg2 Rdf8 31. Bf6 $1 {[%mdl 64] [#] Overworked Piece} Bxf6 32. Qh6+ Kg8 33. Qxg6+ {[%mdl 64] Pin} Bg7 34. Qxe6+ Kh8 35. Qg6 R1f5 36. Ng5 {[%csl Gg5][%cal Rg6h7]} Rf2+ 37. Kh3 {Accuracy: White = 83%, Black = 53%.} 1-0